Fauna Of Kanyakumari Wildlife Sanctuary Tamil Nadu: (Record no. 182577)

MARC details
000 -LEADER
fixed length control field 00713nam a22002057a 4500
005 - DATE AND TIME OF LATEST TRANSACTION
control field 20220216113403.0
010 ## - LCCN (DPL NO)
LC control number ENG-130125
020 ## - INTERNATIONAL STANDARD BOOK NUMBER
International Standard Book Number 978-81-8171-472-5
Terms of availability 1150.00
035 ## - SYSTEM CONTROL NUMBER
System control number EN-113657
037 ## - SOURCE OF ACQUISITION
Source of stock number/acquisition DBAD/PUB
082 ## - DEWEY DECIMAL CLASSIFICATION NUMBER
Classification number 591.95482
245 ## - TITLE STATEMENT
Title Fauna Of Kanyakumari Wildlife Sanctuary Tamil Nadu:
Statement of responsibility, etc Edited by The Director, Zoological Survey of India
250 ## - EDITION STATEMENT
Edition statement 2017
260 ## - PUBLICATION, DISTRIBUTION, ETC. (IMPRINT)
Place of publication, distribution, etc New Alipore
Name of publisher, distributor, etc The Director, Zool. Surv. India
Date of publication, distribution, etc 2017
270 ## - ADDRESS
Address M-Block
City New Alipore
Postal code 700053
300 ## - PHYSICAL DESCRIPTION
Extent 324p.
Dimensions 24cm (pbk)
Other physical details Illustrations of Fauna of Kanyakumari Wildlife Sanctuary
500 ## - GENERAL NOTE
General note Conservation Area Series, 58
700 ## - ADDED ENTRY--PERSONAL NAME
Personal name The Director
942 ## - ADDED ENTRY ELEMENTS (KOHA)
Source of classification or shelving scheme Dewey Decimal Classification
Item type English Books
Classification part 591.95482
Call number suffix FAU
Holdings
Withdrawn status Lost status Not for loan Collection code Home library Current library Date acquired Source of acquisition Cost, normal purchase price Full call number Barcode Copy number Cost, replacement price Koha item type
      Non-fiction Ashok Vihar Ashok Vihar 23/11/2021 DBAD/PUB 1150.00 591.95482 FAU EN-113657 1 1150.00 English Books

© Delhi Public Library
Hit Counter
free hit counter